Beneficiaries of UIP (Record no. 21365)

000 -LEADER
fixed length control field 00382pab a2200145 454500
008 - FIXED-LENGTH DATA ELEMENTS--GENERAL INFORMATION
fixed length control field 180718b xxu||||| |||| 00| 0 eng d
100 ## - MAIN ENTRY--PERSONAL NAME
Personal name Samuel, M.J.
245 ## - TITLE STATEMENT
Title Beneficiaries of UIP
650 ## - SUBJECT ADDED ENTRY--TOPICAL TERM
Topical term or geographic name entry element Vaccination
650 ## - SUBJECT ADDED ENTRY--TOPICAL TERM
Topical term or geographic name entry element Universal Immunization Programme
650 ## - SUBJECT ADDED ENTRY--TOPICAL TERM
Topical term or geographic name entry element Health Services - India - Karnataka
700 ## - ADDED ENTRY--PERSONAL NAME
Personal name P.H., Rayappa
773 ## - HOST ITEM ENTRY
Main entry heading Social Change
909 ## -
-- 21365
Holdings
Withdrawn status Lost status Damaged status Not for loan Permanent Location Current Location Date acquired Serial Enumeration / chronology Barcode Date last seen Price effective from Koha item type
        Indian Institute of Public Administration Indian Institute of Public Administration 2018-07-19 Issue no: 21(4), Dec.91, p.93-105 AR21434 2018-07-19 2018-07-19 Articles

Powered by Koha